WBC出場経験のある現役NPB選手(2026) - Statistics

General Stats
  • This quiz has been taken 137 times
    94 since last reset
  • The average score is 49 of 72
Answer Stats
現所属 出場大会・代表国 ポジション 選手名 % Correct
阪神 2026日本 捕手 坂本誠志郎
97%
巨人 2013,17日本 内野手 坂本勇人
97%
阪神 2026日本 内野手 佐藤輝明
92%
阪神 2026日本 外野手 森下翔太
91%
DeNA 2023,26日本 内野手 牧秀悟
91%
巨人 2017,23,26キューバ 投手 マルティネス
91%
中日 2026キューバ 投手 マルティネス
91%
日本ハム 2023,26キューバ 捕手 マルティネス
91%
阪神 2023日本 内野手 中野拓夢
88%
巨人 2023日本 投手 戸郷翔征
86%
巨人 2023日本 捕手 甲斐拓也
86%
巨人 2009,13日本 投手 田中将大
85%
巨人 2023,26日本 投手 大勢
85%
巨人 2023日本 捕手 大城卓三
85%
ヤクルト 2023日本 投手 高橋奎二
85%
DeNA 2017日本 内野手 筒香嘉智
83%
巨人 2017日本 捕手 小林誠司
83%
ヤクルト 2017,23日本 内野手 山田哲人
83%
ソフトバンク 2023,26日本 外野手 周東佑京
83%
ヤクルト 2023,26日本 捕手 中村悠平
82%
ソフトバンク 2017,23,26キューバ 投手 モイネロ
82%
日本ハム 2023,26日本 投手 伊藤大海
82%
ソフトバンク 2023,26日本 内野手 牧原大成
80%
オリックス 2023日本 投手 山﨑颯一郎
80%
広島 2017日本 内野手 菊池涼介
79%
阪神 2023日本 投手 湯浅京己
77%
オリックス 2026日本 捕手 若月健矢
77%
西武 2023,26日本 内野手 源田壮亮
77%
ソフトバンク 2023日本 内野手 山川穂高
76%
ソフトバンク 2023,26日本 外野手 近藤健介
76%
オリックス 2023,26日本 投手 宮城大弥
76%
ロッテ 2026日本 投手 種市篤暉
76%
中日 2023,26日本 投手 髙橋宏斗
74%
広島 2026日本 内野手 小園海斗
74%
ソフトバンク 2017メキシコ 投手 オスナ
71%
西武 2013,17日本 捕手 炭谷銀仁朗
70%
巨人 2017日本 投手 則本昂大
68%
広島 2017日本 外野手 秋山翔吾
68%
オリックス 2023,26ベネズエラ 投手 マチャド
68%
西武 2026日本 投手 隅田知一郎
68%
中日 2026日本 投手 金丸夢斗
67%
オリックス 2023日本 投手 宇田川優希
67%
中日 2009,13日本 投手 涌井秀章
65%
広島 2023日本 投手 栗林良吏
65%
楽天 2026日本 投手 藤平尚真
65%
ソフトバンク 2026日本 投手 松本裕樹
64%
ロッテ 2017ドミニカ共和国 外野手 ポランコ
64%
ロッテ 2023プエルトリコ 内野手 ソト
64%
日本ハム 2026日本 投手 北山亘基
59%
楽天 2017,23台湾 投手 宋家豪
59%
巨人 2023,26パナマ 投手 バルドナード
58%
ロッテ 2013日本 外野手 角中勝也
58%
日本ハム 2026台湾 投手 古林睿煬
56%
西武 2017,26ブラジル 投手 ボー・タカハシ
56%
日本ハム 2017日本 投手 宮西尚生
55%
オリックス 2017日本 投手 平野佳寿
55%
西武 2026台湾 外野手 林安可
55%
ソフトバンク 2026台湾 投手 徐若熙
52%
オリックス 2026日本 投手 曽谷龍平
52%
中日 2026キューバ 内野手 ロドリゲス
50%
ヤクルト 2023ベネズエラ 投手 キハダ
48%
ソフトバンク 2026ニカラグア 内野手 ダウンズ
48%
ソフトバンク 2023ベネズエラ 投手 ヘルナンデス
45%
中日 2023,26パナマ 投手 メヒア
42%
日本ハム 2026台湾 捕手 ライル・リン
42%
楽天 2013日本 投手 前田健太
42%
DeNA 2017日本 投手 藤浪晋太郎
39%
中日 2026ドミニカ共和国 投手 アブレウ
38%
日本ハム 2026台湾 投手 孫易磊
33%
ソフトバンク 2026メキシコ 投手 アルメンタ
20%
ソフトバンク 2026台湾 投手 張峻瑋
17%
楽天 2023ドミニカ共和国 投手 コントレラス
8%
No matching quizzes found
Score Distribution
Percent of People with Each Score
Percentile by Number Answered
Your Score History
You have not taken this quiz since the last reset